Cincinnati Reds All Time Wins Leader - Statistics

General Stats
  • This quiz has been taken 3 times
  • The average score is 15 of 25
Answer Stats
Years Pitched Wins Pitcher % Correct
1938-1948 160 Bucky Walters
100%
1960-1970 134 Jim Maloney
100%
2008-2015 92 Johnny Cueto
100%
1988-1995 (2001-2002) 97 Jose Rijo
100%
1977-1988 100 Mario Soto
100%
1984-1994 123 Tom Browning
100%
2006-2013 (2017) 108 Bronson Arroyo
67%
1918-1929 154 Dolf Luque
67%
1970-1976 91 Don Gullett
67%
1921-1933 179 Eppa Rixey
67%
1967-1977 110 Gary Nolan
67%
1952-1960 (1962-1966) 130 Joe Nuxhall
67%
1937-1949 116 Johnny Vander Meer
67%
1899-1905 127 Noodles Hahn
67%
1890-1892 (1895-1897) 96 Billy Rhines
33%
1902-1909 108 Bob Ewing
33%
1958-1964 103 Bob Purkey
33%
1892-1899 133 Frank Dwyer
33%
1958-1966 94 Jim O'Toole
33%
1947-1954 89 Ken Raffensberger
33%
1933-1942 161 Paul Derringer
33%
1921-1930 127 Pete Donohue
33%
1926-1933 109 Red Lucas
33%
1886-1893 163 Tony Mullane
33%
1878-1886 136 Will White
33%
No matching quizzes found
Score Distribution
Percent of People with Each Score
Percentile by Number Answered
Your Score History
You have not taken this quiz